Responses for Show #3407 - Tuesday, June 1, 1999

Contestants

[<< previous game]

Chris Culver, a stay-at-home dad from Scottsdale, Arizona

Susan Tull, a college instructor from Norfolk, Virginia

Frank Stokes, a financial analyst originally from Heber Springs, Arkansas (whose 1-day cash winnings total $9,801)

[next game >>]

Jeopardy! Round responses

SISTER CITIES
PARTS OF THE WHOLE
BIOGRAPHIES
FAMOUS LAST WORDS
TV NOSTALGIA
"WHIP"s & "CHAIN"s
    $100 1
Anaheim

Frank
    $100 11
Hat

Chris
    $100 5
Lyndon B. Johnson

Frank
    $100 21
Napoleon Bonaparte

Chris
    $100 16
Scott Baio

Chris
    $100 26
(Frank: What are links in the chain?)

a chain of command

FrankSusan
    $200 2
Bogota

Chris
    $200 12
Typewriter

Frank
    $200 6
(Chris: Who is Peter Lawton?)

Peter Lawford

FrankChris
    $200 22
Amelia Earhart

Chris
    $200 17
(Susan: Who is Pretty [*]?)
(Alex: We'll accept that.)

Penny

Susan
    $200 27
(Chris: What is president?)

minority whip

FrankChris
    $300 3
Cambridge

Chris
    $300 13
Comb

Triple Stumper
    $300 7
Booker T. Washington

Frank
    $300 23
Malcolm X

Frank
    $300 18
The Man from U.N.C.L.E.

Chris
    $300 28
the whip-poor-will

Susan
    $400 4
Casablanca

Frank
    $400 14
Can opener

Frank
    $400 8
Kitty Kelley

Triple Stumper
    $400 24
Queen Elizabeth I

Chris
    $400 19
Black Widow

Chris
    $400 29
Chain saw

Chris
    $500 10
Lhasa

Chris
    $500 15
Ring

Triple Stumper
    $500 9
(Frank: Who is Livingstone?)

Henry Stanley

Frank
    $500 25
(Alex: Minute to go.)

Dylan Thomas

Frank
    $500 20
(Frank: Who is Darryl?)

Dobie Gillis

Frank
Triple Stumper
    $500 30
Miracle Whip

Chris

Scores at the first commercial break (after clue 15):

Frank Susan Chris
$1,200 $0 $900

Scores at the end of the Jeopardy! Round:

Frank Susan Chris
$1,600 $600 $3,100

Double Jeopardy! Round responses

YEAR OF THE HEADLINE
BRITISH ACTRESSES
7-LETTER WORDS
YOU AUTO KNOW
ALL THE TEA
IN CHINA
    $200 2
1998

Frank
    $200 26
Joe Black

Frank
    $200 20
Javelin

Frank
    $200 1
Hoses

Frank
    $200 14
Indonesia

Chris
    $200 8
Great Wall of China

Chris
    $400 3
1975

Chris
    $400 27
Kate Winslet

Frank
    $400 21
Matinee

Susan
    $400 7
Dipstick

Chris
    $400 15
Sri Lanka

Chris
    $400 9
Pearl S. Buck

Chris
    $600 4
(Susan: What is 1995?)

1991

FrankSusan
    $600 28
Woody Allen

Chris
    $600 22
Obverse

Triple Stumper
    $600 12
Timing

Chris
    $600 16
(Frank: What is Colombia?)
(Susan: What is India?)

Kenya

FrankSusan
Triple Stumper
    $600 10
Opium

Chris
    $800 5
(Chris: What is 1980?)

1984

FrankChris
    $1,000 29
[The end-of-round signal sounds.]

Joan Collins

Chris
    $800 23
Scepter

Susan
    $800 18
(Chris: What is Gasoline Alley?)

a crankshaft

FrankChris
    $800 17
Argentina

Frank
    $800 11
Yangtze River

Frank
    $1000 6
(Chris: What is 1903?)
(Frank: What is 1902?)

1901

FrankChris
Triple Stumper
    $1000 24
(we have a minute left in the round...)

Tagalog

Chris
    $1000 19
Fuel injection

Frank
    $1,000 25
(Alex: Less than a minute to go now.)

India

Chris
    $1000 13
Sun Yat-sen

Chris

Scores at the end of the Double Jeopardy! Round:

Frank Susan Chris
$6,000 $600 $8,300

[wagering suggestions for these scores]

Final Jeopardy! Round responses

QUOTABLE DEFINITIONS
SusanWhat is a library?
$600
FrankWhat is a library?
$2,301
ChrisWhat ?
$4,000
Library

Final scores:

Frank Susan Chris
$8,301 $1,200 $4,300
2-day champion: $18,102 3rd place: a Samsung 28" stereo TV 2nd place: a trip to St. James's Club, Antigua

Game dynamics:

Coryat scores:

Frank Susan Chris
$6,500 $600 $8,100
21 R,
5 W
(including 1 DD)
5 R,
2 W
25 R
(including 2 DDs),
5 W

Combined Coryat: $15,200

[game clues] [game scores] [suggest correction]

Game tape date: Unknown
The J! Archive is created by fans, for fans. Scraping, republication, monetization, and malicious use prohibited; this site may use cookies and collect identifying information. See terms. The Jeopardy! game show and all elements thereof, including but not limited to copyright and trademark thereto, are the property of Jeopardy Productions, Inc. and are protected under law. This website is not affiliated with, sponsored by, or operated by Jeopardy Productions, Inc. Join the discussion at JBoard.tv.